000 00711cab a2200241 4500
001 ABS44943
008 090401t1991 xxu||||| |||| 00| 0 eng d
035 _a(Sirsi) u49989
041 _aeng
245 _aBusiness and industrial space
260 _c1991
350 _a0
490 _aChartered Surveyor Weekly
_v36(4) 25 July 1991, 61-85(10)
520 _aA CSW Supplement, which examines B1, out-of town business parks, science parks, warehouse rents and sheds.
650 _aBEDFONT LAKES
650 _aCOLCHESTER BUSINESS PARK
650 _aCUBIC RENTS
650 _aHEATHROW
650 _aOXFORD SCIENCE PARK
690 _aPROPERTY-COMMERCIAL PROPERTY
942 _n0
948 _c04/03/1997
999 _c31268
_d31268